000
00258nam a22001217a 4500
008
170606b xxu||||| |||| 00| 0 eng d
041
_a
eng
080
_a
94(6)
100
_a
18
101
_a
SHH
245
_a
AFRICA COUNTS
_c
ZASLAVSKY.C
942
_2
udc
_c
BK
999
_c
16123
_d
16123